00458nmm a2200157Ia 4500008004100000020001800041041000800059100001700067245003300084264008000117300001600197650001200213856005100225942000700276999001700283251105s9999||||xx |||||||||||||||||und|| a9788491705901 aspa aJames, Julia 0aUna noche de cuento de hadas a[Madrid, España] :bHarlequin, c[Fecha de publicación no identificada] a0 páginas aRomance uhttps://public.digitaliapublishing.com/a/96694 cCF c88599d88599